[Event "Gjøvik GM Swiss"]
[Site "?"]
[Date "2009.01.07"]
[Round "9"]
[White "Stenersen, Gudmund"]
[Black "Mamedjarova, Zeinab"]
[Result "1/2-1/2"]
[WhiteElo "2189"]
[BlackElo "2351"]
[PlyCount "73"]
[EventDate "2008.12.29"]
[SourceDate "2008.12.29"]

1. e4 e5 2. Nf3 Nc6 3. Bb5 a6 4. Ba4 Nf6 5. O-O Nxe4 6. d4 b5 7. Bb3 d5 8. dxe5
Be6 9. Qe2 Be7 10. Rd1 Qd7 11. c4 bxc4 12. Bxc4 O-O 13. Nc3 Nxc3 14. bxc3 Nxe5
15. Bxa6 Qc6 16. Bd3 Qxc3 17. Bb2 Qb4 18. Qc2 h6 19. Rab1 Nc4 20. Bc3 Qa4 21.
Rb7 Qxc2 22. Bxc2 Rxa2 23. Bb3 Ra3 24. Nd4 Bc5 25. Rb5 Bxd4 26. Bxd4 c6 27. Rb4
Rd8 28. h3 Na5 29. Ba4 Rc8 30. Rc1 Nc4 31. Bc5 Ne5 32. Rd4 Rd3 33. Rb4 Rd2 34.
Be3 Ra2 35. Rc3 Nc4 36. Bc5 Ra1+ 37. Kh2 1/2-1/2

[Event "Gjøvik GM Swiss"]
[Site "?"]
[Date "2009.01.07"]
[Round "9"]
[White "Gullaksen, Eirik T."]
[Black "Getz, Nicolai"]
[Result "1-0"]
[WhiteElo "2400"]
[BlackElo "2176"]
[PlyCount "45"]
[EventDate "2008.12.29"]
[SourceDate "2008.12.29"]

1. e4 c5 2. Nf3 e6 3. d3 Nc6 4. g3 d5 5. Qe2 Nf6 6. Bg2 Be7 7. O-O O-O 8. e5
Nd7 9. Re1 f6 10. exf6 Rxf6 11. Bg5 Rg6 12. Bxe7 Nxe7 13. c4 dxc4 14. dxc4 Nc6
15. Qd2 Qb6 16. Nc3 Nd4 17. Rad1 Rg4 18. b3 a6 19. Nxd4 Rxd4 20. Qg5 Nf6 21.
Na4 Qd8 22. Bf3 Qa5 23. Qxc5 1-0

[Event "Gjøvik GM Swiss"]
[Site "?"]
[Date "2009.01.07"]
[Round "9"]
[White "Makka, Ioulia"]
[Black "Caspi, Israel"]
[Result "0-1"]
[WhiteElo "2220"]
[BlackElo "2408"]
[PlyCount "88"]
[EventDate "2008.12.29"]
[SourceDate "2008.12.29"]

1. e4 c5 2. Nf3 d6 3. d4 cxd4 4. Nxd4 Nf6 5. Nc3 Nc6 6. Be2 e5 7. Nf3 h6 8. O-O
Be7 9. Re1 O-O 10. h3 Nb8 11. Bc4 Nbd7 12. Nd5 Nxd5 13. Bxd5 Nb6 14. Bb3 Be6
15. Nh2 Rc8 16. Nf1 Qc7 17. c3 Qc6 18. Ng3 Nc4 19. Qh5 Rfd8 20. Nf5 Bf8 21.
Bxc4 Bxc4 22. Re3 Kh7 23. Qh4 Re8 24. Rg3 Re6 25. b3 Ba6 26. Be3 b5 27. Bxa7
Bb7 28. Re1 Ra8 29. Be3 Qxe4 30. Qg4 Qxg4 31. Rxg4 e4 32. c4 g6 33. Nxh6 Bxh6
34. Rh4 g5 35. Bxg5 Rg6 36. Rxh6+ Rxh6 37. Bxh6 Kxh6 38. Rd1 Ra6 39. g4 Kg5 40.
Kh2 bxc4 41. bxc4 Bc8 42. Rc1 Kf4 43. Kg1 Rc6 44. Kh2 f5 0-1

[Event "Gjøvik GM Swiss"]
[Site "?"]
[Date "2009.01.07"]
[Round "9"]
[White "Prakken, Gerrit"]
[Black "Przezdziecka, Marta"]
[Result "1/2-1/2"]
[WhiteElo "2206"]
[BlackElo "2327"]
[PlyCount "146"]
[EventDate "2008.12.29"]
[SourceDate "2008.12.29"]

1. d4 Nf6 2. c4 e6 3. Nc3 Bb4 4. e3 c5 5. Bd3 O-O 6. Nf3 b6 7. O-O Bxc3 8. bxc3
Bb7 9. Qc2 Bxf3 10. gxf3 Nc6 11. Kh1 d6 12. Bd2 e5 13. d5 Ne7 14. Rg1 g6 15.
Rg5 Ne8 16. e4 Ng7 17. Rag1 Kh8 18. f4 f6 19. R5g4 f5 20. exf5 Nexf5 21. fxe5
dxe5 22. Bg5 Qd6 23. Qe2 Rae8 24. Re1 Qd7 25. Reg1 Qf7 26. R1g2 Nh5 27. Qd2 Nd6
28. Bh6 Rg8 29. Bg5 e4 30. Be2 Nf5 31. Be3 Nf6 32. Rf4 Qd7 33. Bg4 Nxg4 34.
Rfxg4 Qf7 35. Bf4 h5 36. Rg5 Kh7 37. Qe2 Nh4 38. Rxg6 Rxg6 39. Qxh5+ Kg8 40.
Qxh4 Rxg2 41. Kxg2 Qg7+ 42. Bg3 Qxc3 43. Qg5+ Qg7 44. Qh5 Qf7 45. Qg5+ Kh7 46.
Qh4+ Kg7 47. Qg4+ Qg6 48. Qd7+ Kg8 49. Qxa7 e3 50. fxe3 Qe4+ 51. Kh3 Qf5+ 52.
Kg2 Qe4+ 53. Kh3 Qf5+ 54. Kg2 Rxe3 55. Qb8+ Kf7 56. Qc7+ Re7 57. Qf4 Qxf4 58.
Bxf4 Re2+ 59. Kf3 Rxa2 60. Bc7 Ke7 61. Ke4 Rd2 62. Bxb6 Kd6 63. Bd8 Rd4+ 64.
Kf5 Rxc4 65. h4 Rd4 66. h5 Rxd5+ 67. Kg6 Ke6 68. Bg5 c4 69. h6 Rc5 70. h7 Rc8
71. Bf6 c3 72. h8=Q Rxh8 73. Bxh8 Kd5 1/2-1/2

[Event "Gjøvik GM Swiss"]
[Site "?"]
[Date "2009.01.07"]
[Round "9"]
[White "Tsiolakidis, Anastasios"]
[Black "Gandrud, Vegar Koi"]
[Result "0-1"]
[WhiteElo "2348"]
[BlackElo "2023"]
[PlyCount "126"]
[EventDate "2008.12.29"]
[SourceDate "2008.12.29"]

1. e4 c5 2. Nc3 d6 3. g3 Nf6 4. Bg2 e5 5. d3 Be7 6. Nf3 Nc6 7. O-O O-O 8. Bg5
Be6 9. h3 Nd4 10. Kh2 Ng4+ 11. hxg4 Nxf3+ 12. Bxf3 Bxg5 13. Kg2 Qb6 14. Rb1
Rac8 15. Be2 c4 16. f4 exf4 17. gxf4 Bf6 18. f5 cxd3 19. cxd3 Bd7 20. Qd2 h6
21. Nd5 Qd4 22. Nxf6+ Qxf6 23. d4 Rfe8 24. Bf3 Rc4 25. Rbd1 Bb5 26. Rf2 Rec8
27. Qe3 Qe7 28. e5 dxe5 29. dxe5 Bc6 30. Rd4 Qc5 31. Rfd2 Re8 32. Bxc6 Qxc6+
33. Kf2 Rc2 34. a3 Rxd2+ 35. Rxd2 Qb5 36. Re2 Qc4 37. Qe4 Qc5+ 38. Kf3 Qb6 39.
e6 fxe6 40. fxe6 Qb3+ 41. Kg2 Qb6 42. Qe5 Re7 43. Kf3 Qb3+ 44. Kf4 Qd3 45. Qe4
Qb5 46. Qe5 Qd3 47. Qe3 Qb5 48. Qe4 Qg5+ 49. Kf3 Qb5 50. a4 Qe8 51. b3 a6 52.
Qd5 Qf8+ 53. Ke3 Kh8 54. Kd3 Rc7 55. g5 Rc5 56. Qd4 Qf3+ 57. Qe3 Qd5+ 58. Qd4
Qxb3+ 59. Kd2 Rd5 60. Qxd5 Qxd5+ 61. Ke1 Qa5+ 62. Kf2 Qc5+ 63. Kf3 Qf5+ 0-1